Census of population, housing and agriculture 1990 descriptive tables: volume 2, Copperbelt Province (Record no. 78119)
[ view plain ]
| 000 -LEADER | |
|---|---|
| fixed length control field | 00938nam a2200181 a 4500 |
| 008 - FIXED-LENGTH DATA ELEMENTS--GENERAL INFORMATION | |
| fixed length control field | 090204s1994 ||||||||||||||||| || u |
| 050 ## - LIBRARY OF CONGRESS CALL NUMBER | |
| Classification number | GOV.ZAM(02)1994/14A |
| 110 ## - MAIN ENTRY--CORPORATE NAME | |
| Corporate name or jurisdiction name as entry element | Government of the Republic of Zambia (GRZ) |
| 245 10 - TITLE STATEMENT | |
| Title | Census of population, housing and agriculture 1990 descriptive tables: volume 2, Copperbelt Province |
| 260 ## - PUBLICATION, DISTRIBUTION, ETC. | |
| Place of publication, distribution, etc. | Lusaka |
| Name of publisher, distributor, etc. | Central Statistical Office (CSO)-Zambia |
| Date of publication, distribution, etc. | 1994 |
| 300 ## - PHYSICAL DESCRIPTION | |
| Extent | viii, 332p.: ill. |
| 350 ## - | |
| -- | 0.00 |
| 650 ## - SUBJECT ADDED ENTRY--TOPICAL TERM | |
| Topical term or geographic name entry element | POPULATION--ZAMBIA |
| 650 #0 - SUBJECT ADDED ENTRY--TOPICAL TERM | |
| Topical term or geographic name entry element | CENSUS OF POPULATION--ZAMBIA |
| 710 ## - ADDED ENTRY--CORPORATE NAME | |
| Corporate name or jurisdiction name as entry element | Government of the Republic of Zambia. Central Statistical Office |
| 995 ## - | |
| -- | SPECIAL COLLECTIONS |
| -- | 0.00 |
| -- | 03003526 |
| -- | CBU-MAIN LIBRARY (Kitwe) |
| -- | 1 |
| -- | 0.00 |
| -- | GOV.ZAM(02)1994/14A |
| -- | 1 |
| -- | AVAILABLE |
| -- | Feb 4, 2009 |
| -- | 03003526 |
| -- | Zambiana Collection |
| 995 ## - | |
| -- | SPECIAL COLLECTIONS |
| -- | 0.00 |
| -- | 03003546 |
| -- | CBU-MAIN LIBRARY (Kitwe) |
| -- | 1 |
| -- | 0.00 |
| -- | GOV.ZAM(02)1994/14B |
| -- | 2 |
| -- | AVAILABLE |
| -- | Feb 5, 2009 |
| -- | 03003546 |
| -- | Zambiana Collection |
| 999 ## - | |
| -- | 78119 |
| -- | 78119 |
| Withdrawn status | Lost status | Source of classification or shelving scheme | Damaged status | Not for loan | Permanent Location | Current Location | Shelving location | Date acquired | Total Checkouts | Full call number | Barcode | Date last seen | Copy number | Price effective from | Koha item type |
|---|---|---|---|---|---|---|---|---|---|---|---|---|---|---|---|
| CBU-MAIN LIBRARY, KITWE. | CBU-MAIN LIBRARY, KITWE. | 05/03/2023 | GOV.ZAM(02)1994/14A | 03003526 | 05/03/2023 | 1 | 05/03/2023 | SPECIAL COLLECTION | |||||||
| CBU-MAIN LIBRARY, KITWE. | CBU-MAIN LIBRARY, KITWE. | 05/03/2023 | GOV.ZAM(02)1994/14B | 03003546 | 05/03/2023 | 2 | 05/03/2023 | SPECIAL COLLECTION |